Československá stomatologie. Roč. 65., č. 1-6, 1965
| Format: | Book |
|---|---|
| Language: | Undetermined |
| Published: |
Praha
SZN
1965
|
MARC
| LEADER | 00000nam a2200000 a 4500 | ||
|---|---|---|---|
| 001 | vtls001354016 | ||
| 003 | SK-MaSNL | ||
| 005 | 20260223130110.0 | ||
| 008 | 210928s1965 xx 0 und | ||
| 035 | |a SNK000307442 | ||
| 040 | |a SNK |b slo |c SNK |e AACR2 | ||
| 245 | 1 | |a Československá stomatologie. Roč. 65., č. 1-6, 1965 | |
| 260 | |a Praha |b SZN |c 1965 | ||
| 958 | |a OND | ||
| 999 | |c 548130 |d 550060 | ||
| 952 | |t P60, <06>, [BOOK], {606} |a SNK |b SNK |y PREZ |7 0 |p 17A0178078 |o snkČC 387/65/1965 |0 0 |1 1 |4 0 |d 1999-02-01 |l 0 |r 2005-01-02 00:00:00 |w 2026-02-23 | ||


